=LDR 00000nam 2200000 4500 =001 INLIS000000000003569 =005 20130612091854 =008 ***********************************Ind** =035 ##$$0010-061300000003569 =041 ##$$a Ind =082 ##$$a 615.1 =090 ##$$a 615.1, Rek p =100 ##$$a Reksohadiprojo, Mokh. Samhudi =245 ##$$a Pusat penelitian obat masa kini, Moch. Samhudi Reksohadiprodjo =260 ##$$a 1994 $b Yogyakarata =300 ##$$a 302 hlm., ilus., 21 cm =650 ##$$a Obat =650 ##$$a Pusat penelitian =850 ##$$a NBPNMAT =990 ##$$a 1030910309 =990 ##$$a 20614156 =990 ##$$a 20614157 =990 ##$$a 20614158 =990 ##$$a 20614159 =990 ##$$a DW99000553 =990 ##$$a DW99000554 =990 ##$$a DW99000555 =990 ##$$a DW99000556 =990 ##$$a 01201710309